Responses for show #4581 - Monday, July 5, 2004

Ken Jennings game 24.

Contestants

[<< previous game]

Nick Aretakis, a bookseller from New Haven, Connecticut

Lucinda Sabino, a housewife and writer from Rochester, Michigan

Ken Jennings, a software engineer from Salt Lake City, Utah (whose 23-day cash winnings total $755,360)

[next game >>]

Jeopardy! Round responses

CLEOPATRA
TV FAMILY ROLL CALL
(Alex: ...we want you to give us the name of the TV series or show.)
CHOOSE YOUR WEAPON
SEA CREATURES
INITIALLY YOURS
TAKE THIS
    $200 26
Marc Antony

Ken
    $200 11
(Lucinda: Who are the Bradys?)
(Alex: We want the title of the show.)
(Lucinda: Oh. What is [*]?)

The Brady Bunch

Lucinda
    $200 16
a sword

Lucinda
    $200 8
wings

Lucinda
    $200 1
A.A. Milne

Ken
    $200 6
the cake

Ken
    $400 27
an asp

Ken
    $400 15
Friends

Lucinda
    $400 17
a blowpipe (or blowgun)

Ken
    $400 9
a whale

Ken
    $400 2
Bean

Ken
    $400 7
a bath

Lucinda
    $600 28
Alexandria

Nick
    $600 18
Everybody Loves Raymond

Ken
    $600 22
a pistol

Ken
    $600 12
a turtle

Ken
    $1,000 3
I.M. Pei

Ken
    $600 10
a powder

Nick
    $800 29
Cleopatra's Needle

Lucinda
    $800 19
(Ken: Aww.)

7th Heaven

Ken
    $800 24
a pike

Triple Stumper
    $800 13
(Nick: What is a crab?)
(Alex: Be more specific.)
(Nick: [Shakes head])

a fiddler crab

LucindaNick
    $800 4
B.J. Thomas

Ken
    $800 21
(Ken: What is the podium?)

the floor

KenNick
    $1000 30
(Nick: What is Ramses?)

Ptolemy

Nick
Triple Stumper
    $1000 20
(Alex: Yeah, it's a lot like 7th Heaven, isn't it? Two series that you watch, I'm sure.)

King of the Hill

Ken
    $1000 25
Raytheon

Ken
    $1000 14
a squid

Ken
    $1000 5
S.E. Hinton

Nick
    $1000 23
(Ken: What is take... the... passenger sheet--seat?)

take a backseat

KenNick

Scores at the first commercial break (after clue 15):

Ken Lucinda Nick
$4,600 $2,000 $800

Scores at the end of the Jeopardy! Round:

Ken Lucinda Nick
$7,800 $3,000 $2,200

Double Jeopardy! Round responses

BUILDING BRIDGES
CELEBRITY TRIVIA
ON THE "M"AP
WE'RE IN BUSINESS
THE GOD SQUAD
9-LETTER WORDS
    $400 19
London Bridge

Ken
    $400 1
Mike Myers

Ken
    $400 11
the Mediterranean

Ken
    $400 16
(Alex: It's their [*] program, with two "A"s.)

AAdvantage

Triple Stumper
    $400 24
death

Lucinda
    $400 6
hopscotch

Ken
    $4,200 20
(Alex: You're the only one in the black, or in the blue if you will.)
...
(Alex: Even when you don't know, you make intelligent guesses. And I'm assuming that's what that was.)
(Ken: I liked the movie.)

the bridge on the River Kwai

Ken
    $800 2
Harrison Ford

Ken
    $800 12
Mystic

Ken
    $800 17
(Lucinda: What is Atlas Van Lines?)

Allied Van Lines

Lucinda
Triple Stumper
    $800 25
Ancient Greece

Ken
    $800 7
Gibraltar

Lucinda
    $1200 21
India

Lucinda
    $1200 3
(Alex: [Finishing reading the clue] ...but not all at the same time.)

Julia Roberts

Ken
    $1200 13
(Ken: What is Marseilles?)
...
(Alex: Yes, Italy.)

Milan

KenNick
    $1200 18
(Nick: What is Avon?)
...
(Alex: You see their shops at airports...)

The Body Shop

Nick
Triple Stumper
    $1200 8
gladiator

Ken
    $1600 4
(Nick: What is "Papa Don't Preach"?)

"Like A Prayer"

KenNick
    $1600 14
(Ken: What's Micronesia?)
(Lucinda: What are the Maldives?)

Melanesia

KenLucinda
Triple Stumper
    $1600 22
(Ken: Who is Ford?)
(Alex: Be more specific.)
(Ken: Yeah, I was afraid of that.)
[Laughter]
(Ken: Uh... Richard?)
(Alex: And you're out of time. Nick?)
(Nick: Who is Henry Ford III?)

Bill Ford (William Clay Ford, Jr.)

KenNick
Triple Stumper
    $1600 27
Japan

Ken
    $1600 9
(Nick: What is a cannibal?)

a carnivore

KenNick
    $2000 28
[The end-of-round signal sounds.]

Roebling

Ken
    $2000 5
(Ken: Uhw. Who is Jack Lemmon?)
(Lucinda: Who is Richard Dreyfuss?)
...
(Alex: There's a twosome, [*] and Wally Cox.)
[Ken laughs]

Marlon Brando

KenLucinda
Triple Stumper
    $2000 15
(Nick: What is Muir Glacier?)

the Mendenhall Glacier

Nick
Triple Stumper
    $2000 23
Stanley Kaplan

Triple Stumper
    $2000 26
Quetzlcoatl

Ken
    $4,000 10
(Alex: [*] is right. Were you counting the letters?)
[Ken nods.]
(Alex: You were. All right.)

Afrikaner

Ken

Scores at the end of the Double Jeopardy! Round:

Ken Lucinda Nick
$24,800 $1,000 -$4,600
(lock game)

[wagering suggestions for these scores]

Final Jeopardy! Round responses

MASS COMMUNICATION
LucindaWhat is Meet the Press?
$900
KenWhat is Radio Free Europe?
$5,200
Voice of America

Final scores:

Ken Lucinda Nick
$19,600 $100 -$4,600
24-day champion: $774,960 2nd place: $2,000 3rd place: $1,000

Game dynamics:

Coryat scores:

Ken Lucinda Nick
$19,000 $1,000 -$4,600
32 R
(including 3 DDs),
6 W
10 R,
3 W
6 R,
7 W

Combined Coryat: $15,400

The J! Archive is created by fans, for fans. The Jeopardy! game show and all elements thereof, including but not limited to copyright and trademark thereto, are the property of Jeopardy Productions, Inc. and are protected under law. This website is not affiliated with, sponsored by, or operated by Jeopardy Productions, Inc. Join the discussion at JBoard.tv.